Un aporte decisivo: Red Nacional de Información sobre Mujer y Desarrollo /

Guardado en:
Bibliografiske detaljer
Hovedforfatter: Soley, Rosa María
Format: Texto
Tags: Tilføj Tag
Ingen Tags, Vær først til at tagge denne postø!

MARC

LEADER 00000 a a2200000 04500
001 1378
003
040
100 |a Soley, Rosa María  
245 |a Un aporte decisivo:   |b Red Nacional de Información sobre Mujer y Desarrollo /  |c Rosa María Soley 
773 |g número 61; páginas 20-23  
999 |c 28783  |d 28783